000 00575nam a2200181Ia 4500
008 140529s9999 xx 000 0 und d
020 _a9788380213
050 _aPL 6063.O54
_b.Or12 2004
100 _aOrdoñez, Sedfrey A.
245 _aLaur :
_bkasaysayan at kaugalian ng isang pookpalayan /
_cKatha ni Sedfrey A. Ordoñez
260 _aQuezon City, Philippines :
_bMegabooks,
_cc2004.
300 _a171 p. ;
_c23 cm.
500 _aIncludes index.
521 _aGE
650 _aLaur, Nueva Ecija
_xSocial life and customs.
942 _kLOC
_cBK
999 _c117721
_d117721